Guess the Taylor Swift Song by Description - Statistics

General Stats
  • This quiz has been taken 163 times
  • The average score is 5 of 10
Answer Stats
Description Answer % Correct
Apologizing to a former relationship after not appreciatingtheir love towards you. Back To December
85%
The story of Rebekah Harkness. the last great american dynasty
82%
Turning down a marriage proposal. champagne problems
78%
Being in love with your best friend. You Belong With Me
58%
How horrible being famous is. The Lucky One
44%
A love story of two people who grew up close from each other. Mary's Song (Oh My My My)
40%
Opening the eyes of the people about choosing the right leader. Only The Young
35%
A unique feeling of love; Being in love with someone but youfeel that it's unusual but also really beautiful at the same time. Snow On The Beach (feat. Lana Del Rey)
21%
Updating a former lover of what the life of the author is now. the 1
17%
Having a crush on someone you really know well. I'd Lie
11%
No matching quizzes found
Score Distribution
Percent of People with Each Score
Percentile by Number Answered
Your Score History
You have not taken this quiz